00298nam a2200121Ia 4500008004100000041001200041082001100053100002200064245005800086250000900144260001600153650000700169221030s9999 xx 000 0 und d aEnglish a105.23 aVivek Jandial/369 0aThyristorised Power ControllercAshim Khajuria/332 a2004 aJammuc2004 aEE